Statistics for Most Common Search Engines

Click here to take the quiz!

General Stats

  • This quiz has been taken 71 times
  • The average score is 4 of 18

Answer Stats

Estimated Unique Month VisitorsSearch Engine% Correct
1,100,000,000Google
100%
300,000,000Yahoo! Search
91%
350,000,000Bing
84%
245,000,000Ask
49%
125,000,000Aol Search
25%
13,000,000DuckDuckGo
21%
6,000,000Mizilla Firefox
19%
7,000,000Google Chrome
16%
10,500,000Dog Pile
12%
13,500,000Info
5%
24,000,000Infospace
4%
100,000,000Wow
4%
7,500,000Alhea
2%
12,500,000Blekko
2%
4,500,000Browser
2%
11,000,000Contenko
2%
60,000,000MyWebSearch
2%
65,000,000WebCrawler
2%

Score Distribution

Percentile by Number Answered

Percent of People with Each Score

Your Score History

You have not taken this quiz